Duration | Shows |
August 15, 1992 - November 20, 1993 | Clarissa Explains It All | | 100% | June 4 – August 27, 1994 | Clarissa Explains It All | | 100% | April 23, 1994 | Clarissa Explains It All | | 100% | May 15, 1993 | Clarissa Explains It All | | 100% | September 18, 1993 | Clarissa Explains It All | | 100% | November 27, 1993; September 3 – October 1, 1994 | Clarissa Explains It All | | 100% | December 11, 1993 | Clarissa Explains It All | | 100% | April 30, 1994 | Clarissa Explains It All | | 100% | November 14, 1992 | Are You Afraid of the Dark? | | 100% | November 14, 1992 | The Ren & Stimpy Show | | 100% | August 15, 1992 - November 20, 1993 | Are You Afraid of the Dark? | | 97.4% | June 4 – August 27, 1994 | Are You Afraid of the Dark? | | 97.4% | April 16, 1994 | All That | | 97.4% | October 8, 1994 –January 14, 1995 | Are You Afraid of the Dark? | | 97.4% | October 15, 1994 | Are You Afraid of the Dark? | | 97.4% | October 22, 1994 | Are You Afraid of the Dark? | | 97.4% | October 29, 1994 | Are You Afraid of the Dark? | | 97.4% | January 21, 1995 – February 24, 1996 | All That | | 97.4% | January 21, 1995 – February 24, 1996 | Are You Afraid of the Dark? | | 97.4% | May 20, 1995 | Are You Afraid of the Dark? | | 97.4% | SNICKtoons Christmas Gift Pack (December 16, 1995) | Rugrats | | 97.4% | March 2, 1996 - May 25, 1996 | All That | | 97.4% | March 2, 1996 - May 25, 1996 | Are You Afraid of the Dark? | | 97.4% | June 1, 1996 – October 5, 1996 | All That | | 97.4% | October 12, 1996 – January 4, 1997 | All That | | 97.4% | October 12, 1996 – January 4, 1997 | Are You Afraid of the Dark? | | 97.4% | January 11, 1997 – August 9, 1997 | All That | | 97.4% | August 16, 1997 –November 1, 1997 | Rugrats | | 97.4% | August 16, 1997 –November 1, 1997 | All That | | 97.4% | November 8, 1997 – August 29, 1998; December 19, 1998 | Rugrats | | 97.4% | November 8, 1997 – August 29, 1998; December 19, 1998 | All That | | 97.4% | October 31 - November 28, 1998 | All That | | 97.4% | July 17, 1999 | Rugrats | | 97.4% | July 17, 1999 | Are You Afraid of the Dark? | | 97.4% | February 6 – October 9, 1999 | Rugrats | | 97.4% | February 6 – October 9, 1999 | All That | | 97.4% | February 6 – October 9, 1999 | Are You Afraid of the Dark? | | 97.4% | October 16, 1999 - April 29, 2000; June 3 - July 1, 2000 | Rugrats | | 97.4% | October 16, 1999 - April 29, 2000; June 3 - July 1, 2000 | All That | | 97.4% | November 27, 1999 | Rugrats | | 97.4% | December 4, 1999 | Rugrats | | 97.4% | January 22, 2000 | Rugrats | | 97.4% | February 26, 2000 | All That | | 97.4% | March 11, 2000 | Rugrats | | 97.4% | May 6 - 27, 2000 | All That | | 97.4% | July 8, 2000 | All That | | 97.4% | July 29, 2000 | Are You Afraid of the Dark? | | 97.4% | July 29, 2000 | All That | | 97.4% | August 5, 2000 | Rugrats | | 97.4% | August 19, 2000 | All That | | 97.4% | September 2, 2000 | All That | | 97.4% | September 9, 2000 | Rugrats | | 97.4% | September 23, 2000 | Are You Afraid of the Dark? | | 97.4% | October 14 - November 18, 2000 | All That | | 97.4% | November 11, 2000 | Rugrats | | 97.4% | December 2, 2000 - April 14, 2001 | All That | | 97.4% | Slime Time SNICK Live (March 10 -17, 2001) | All That | | 97.4% | April 28 - June 28, 2001 | All That | | 97.4% | January 19–June 22, 2002 | All That | | 97.4% | September 21, 2002-June 14, 2003 | All That | | 97.4% | April 5, 2003 | All That | | 97.4% | September 6, 2003 | All That | | 97.4% | September 13, 2003 | All That | | 97.4% | October 11, 2003 | All That | | 97.4% | October 18 - November 22, 2003 | All That | | 97.4% | December 6, 2003 - January 29, 2005 | All That | | 97.4% | June 26, 2004 | All That | | 97.4% | October 2, 2004 | All That | | 97.4% | October 26, 2002 (Shriek Week) | All That | | 96.8% | February 19, 2000 | All That | | 96.3% | March 28, 1998 | Rugrats | | 96.2% | October 11, 1997; January 30, 1999 | Rugrats | | 96% | March 21, 1998; July 11, 1998 | All That | | 96% | March 21, 1998; July 11, 1998 | Rugrats | | 96% | May 15, 1993 | Are You Afraid of the Dark? | | 95.8% | December 10, 1994 | Are You Afraid of the Dark? | | 95.8% | November 26, 1994 | Rugrats | | 95.8% | February 10, 1996 | Are You Afraid of the Dark? | | 95.8% | February 10, 1996 | All That | | 95.8% | March 16, 1996 | Are You Afraid of the Dark? | | 95.8% | May 4, 1996; May 25, 1996 | Are You Afraid of the Dark? | | 95.8% | May 4, 1996; May 25, 1996 | All That | | 95.8% | September 5 - October 24, 1998; December 5 - 12, 1998; January 2 - 23, 1999 | All That | | 95.8% | September 5 - October 24, 1998; December 5 - 12, 1998; January 2 - 23, 1999 | Rugrats | | 95.8% | October 3, 1998 | All That | | 95.8% | October 3, 1998 | Rugrats | | 95.8% | November 27, 1993; September 3 – October 1, 1994 | Are You Afraid of the Dark? | | 95.5% | December 11, 1993 | Are You Afraid of the Dark? | | 95.5% | April 23, 1994 | Are You Afraid of the Dark? | | 95.5% | April 16, 1994 | Are You Afraid of the Dark? | | 95.5% | August 6, 1994 | Are You Afraid of the Dark? | | 95.5% | August 15, 1992 - November 20, 1993 | The Ren & Stimpy Show | | 94.7% |
|
Duration | Shows |
June 4 – August 27, 1994 | The Ren & Stimpy Show | | 94.7% | April 16, 1994 | The Ren & Stimpy Show | | 94.7% | October 8, 1994 –January 14, 1995 | The Ren & Stimpy Show | | 94.7% | October 15, 1994 | The Ren & Stimpy Show | | 94.7% | January 21, 1995 – February 24, 1996 | The Ren & Stimpy Show | | 94.7% | May 20, 1995 | The Ren & Stimpy Show | | 94.7% | SNICKtoons Christmas Gift Pack (December 16, 1995) | Rocko's Modern Life | | 94.7% | SNICKtoons Christmas Gift Pack (December 16, 1995) | The Ren & Stimpy Show | | 94.7% | February 14, 1998 | Rugrats | | 92.9% | August 14 - September 11, 1999; September 25, 1999 | All That | | 92.9% | August 14 - September 11, 1999; September 25, 1999 | Rugrats | | 92.9% | October 2, 1999 | Rugrats | | 92.9% | October 9, 1999 | Cousin Skeeter | | 92.9% | October 9, 1999 | Rugrats | | 92.9% | September 18, 1999 | All That | | 92.9% | September 18, 1999 | Cousin Skeeter | | 92.9% | September 18, 1999 | Rugrats | | 92.9% | August 15, 1992 - November 20, 1993 | Roundhouse | | 92.1% | June 4 – August 27, 1994 | Roundhouse | | 92.1% | April 16, 1994 | Roundhouse | | 92.1% | October 8, 1994 –January 14, 1995 | The Secret World of Alex Mack | | 92.1% | October 8, 1994 –January 14, 1995 | The Adventures of Pete & Pete | | 92.1% | October 15, 1994 | The Secret World of Alex Mack | | 92.1% | October 22, 1994 | The Secret World of Alex Mack | | 92.1% | January 21, 1995 – February 24, 1996 | The Secret World of Alex Mack | | 92.1% | March 2, 1996 - May 25, 1996 | The Secret World of Alex Mack | | 92.1% | June 1, 1996 – October 5, 1996 | The Secret World of Alex Mack | | 92.1% | October 31 - November 28, 1998 | The Angry Beavers | | 92.1% | May 15, 1993 | The Ren & Stimpy Show | | 91.7% | September 18, 1993 | Rocko's Modern Life | | 91.7% | September 18, 1993 | The Ren & Stimpy Show | | 91.7% | December 10, 1994 | The Ren & Stimpy Show | | 91.7% | November 27, 1993; September 3 – October 1, 1994 | The Ren & Stimpy Show | | 90.9% | December 11, 1993 | The Ren & Stimpy Show | | 90.9% | April 30, 1994 | The Ren & Stimpy Show | | 90.9% | April 23, 1994 | The Ren & Stimpy Show | | 90.9% | June 4 – August 27, 1994 | The Adventures of Pete & Pete | | 89.5% | October 22, 1994 | The Adventures of Pete & Pete | | 89.5% | October 29, 1994 | The Adventures of Pete & Pete | | 89.5% | June 1, 1996 – October 5, 1996 | The Adventures of Pete & Pete | | 89.5% | January 11, 1997 – August 9, 1997 | The Mystery Files of Shelby Woo | | 89.5% | January 11, 1997 – August 9, 1997 | Kablam! | | 89.5% | August 16, 1997 –November 1, 1997 | Kablam! | | 89.5% | July 17, 1999 | SpongeBob SquarePants | | 89.5% | May 6 - 27, 2000 | Rocket Power | | 89.5% | September 9, 2000 | Rocket Power | | 89.5% | December 2, 2000 - April 14, 2001 | SpongeBob SquarePants | | 89.5% | Slime Time SNICK Live (March 10 -17, 2001) | SpongeBob SquarePants | | 89.5% | March 31, 2001 | SpongeBob SquarePants | | 89.5% | April 28 - June 28, 2001 | SpongeBob SquarePants | | 89.5% | April 12, 2003 | All Grown Up! | | 89.5% | November 29, 2003 (Nicksgiving Weekend) | All Grown Up! | | 89.5% | December 6, 2003 - January 29, 2005 | All Grown Up! | | 89.5% | June 26, 2004 | All Grown Up! | | 89.5% | February 19, 2000 | Spongebob SquarePants | | 88.9% | September 18, 1993 | Roundhouse | | 87.5% | December 10, 1994 | The Secret World of Alex Mack | | 87.5% | February 10, 1996 | The Secret World of Alex Mack | | 87.5% | March 16, 1996 | The Secret World of Alex Mack | | 87.5% | May 4, 1996; May 25, 1996 | The Secret World of Alex Mack | | 87.5% | November 25, 2000 (Nonstop Nicktoons Weekend) | CatDog | | 87.1% | October 26, 2002 (Shriek Week) | Kenan and Kel | | 87.1% | SNICKtoons Christmas Gift Pack (December 16, 1995) | Doug | | 86.8% | October 12, 1996 – January 4, 1997 | Kenan & Kel | | 86.8% | January 11, 1997 – August 9, 1997 | Kenan & Kel | | 86.8% | August 16, 1997 –November 1, 1997 | Kenan & Kel | | 86.8% | November 8, 1997 – August 29, 1998; December 19, 1998 | Kenan & Kel | | 86.8% | April 4, 1998 | CatDog | | 86.8% | October 31 - November 28, 1998 | Kenan & Kel | | 86.8% | July 17, 1999 | Kenan & Kel | | 86.8% | February 6 – October 9, 1999 | Kenan & Kel | | 86.8% | October 16, 1999 - April 29, 2000; June 3 - July 1, 2000 | 100 Deeds for Eddie McDowd | | 86.8% | January 22, 2000 | 100 Deeds for Eddie McDowd | | 86.8% | February 26, 2000 | The Wild Thornberrys | | 86.8% | February 26, 2000 | 100 Deeds for Eddie McDowd | | 86.8% | March 11, 2000 | Caitlin's Way | | 86.8% | May 6 - 27, 2000 | 100 Deeds for Eddie McDowd | | 86.8% | July 8, 2000 | Cousin Skeeter | | 86.8% | July 15, 2000 | Kenan & Kel | | 86.8% | July 22, 2000 | Caitlin's Way | | 86.8% | September 2, 2000 | Caitlin's Way | | 86.8% | September 16, 2000 | Cousin Skeeter | | 86.8% | October 14 - November 18, 2000 | Noah Knows Best | | 86.8% | October 14 - November 18, 2000 | Caitlin's Way | | 86.8% | December 2, 2000 - April 14, 2001 | 100 Deeds for Eddie McDowd | | 86.8% | Slime Time SNICK Live (March 10 -17, 2001) | 100 Deeds for Eddie McDowd | | 86.8% | March 31, 2001 | The Fairly OddParents | | 86.8% | January 19–June 22, 2002 | Taina | | 86.8% | September 21, 2002-June 14, 2003 | Cousin Skeeter | | 86.8% | March 22, 2003 | Cousin Skeeter | | 86.8% | April 5, 2003 | Cousin Skeeter | | 86.8% | September 6, 2003 | Cousin Skeeter | | 86.8% |
|
Duration | Shows |
September 13, 2003 | Romeo! | | 86.8% | September 20 - 27, 2003 | Romeo! | | 86.8% | October 4, 2003 | Romeo! | | 86.8% | October 11, 2003 | Romeo! | | 86.8% | October 18 - November 22, 2003 | Romeo! | | 86.8% | December 6, 2003 - January 29, 2005 | Romeo! | | 86.8% | June 26, 2004 | Romeo! | | 86.8% | October 2, 2004 | Romeo! | | 86.8% | November 27, 1993; September 3 – October 1, 1994 | The Adventures of Pete & Pete | | 86.4% | December 11, 1993 | Roundhouse | | 86.4% | May 28, 1994 | The Adventures of Pete & Pete | | 86.4% | August 12, 2000; September 30, 2000 | Kenan & Kel | | 86.1% | January 27, 2001 | SpongeBob SquarePants | | 85.7% | February 14, 1998 | The Journey of Allen Strange | | 85.7% | February 14, 1998 | Kenan & Kel | | 85.7% | August 14 - September 11, 1999; September 25, 1999 | Kenan & Kel | | 85.7% | October 9, 1999 | Kenan & Kel | | 85.7% | February 19, 2000 | 100 Deeds for Eddie McDowd | | 85.2% | October 7, 2000 | Caitlin's Way | | 84.6% | October 7, 2000 | Noah Knows Best | | 84.6% | March 28, 1998 | Kenan & Kel | | 84.6% | October 22, 1994 | Aaahh!!! Real Monsters | | 84.2% | October 29, 1994 | Aaahh!!! Real Monsters | | 84.2% | March 2, 1996 - May 25, 1996 | Space Cases | | 84.2% | June 1, 1996 – October 5, 1996 | Space Cases | | 84.2% | October 12, 1996 – January 4, 1997 | Space Cases | | 84.2% | November 8, 1997 – August 29, 1998; December 19, 1998 | The Journey of Allen Strange | | 84.2% | October 16, 1999 - April 29, 2000; June 3 - July 1, 2000 | The Amanda Show | | 84.2% | December 4, 1999 | The Journey of Allen Strange | | 84.2% | January 22, 2000 | The Amanda Show | | 84.2% | February 26, 2000 | The Amanda Show | | 84.2% | March 11, 2000 | The Amanda Show | | 84.2% | May 6 - 27, 2000 | The Amanda Show | | 84.2% | August 26, 2000 | The Journey of Allen Strange | | 84.2% | October 14 - November 18, 2000 | The Amanda Show | | 84.2% | December 2, 2000 - April 14, 2001 | The Amanda Show | | 84.2% | Slime Time SNICK Live (March 10 -17, 2001) | The Amanda Show | | 84.2% | March 31, 2001 | The Amanda Show | | 84.2% | March 31, 2001 | Invader Zim | | 84.2% | April 28 - June 28, 2001 | The Amanda Show | | 84.2% | April 28 - June 28, 2001 | The Brothers Garcia | | 84.2% | January 19–June 22, 2002 | The Amanda Show | | 84.2% | January 19–June 22, 2002 | The Nick Cannon Show | | 84.2% | September 21, 2002-June 14, 2003 | The Nick Cannon Show | | 84.2% | September 21, 2002-June 14, 2003 | The Amanda Show | | 84.2% | March 22, 2003 | The Nick Cannon Show | | 84.2% | March 22, 2003 | The Amanda Show | | 84.2% | April 5, 2003 | The Amanda Show | | 84.2% | September 6, 2003 | The Amanda Show | | 84.2% | September 13, 2003 | The Amanda Show | | 84.2% | October 18 - November 22, 2003 | The Amanda Show | | 84.2% | December 6, 2003 - January 29, 2005 | The Amanda Show | | 84.2% | October 2, 2004 | The Amanda Show | | 84.2% | October 11, 1997; January 30, 1999 | Kenan & Kel | | 84% | March 16, 1996 | The Mystery Files of Shelby Woo | | 83.3% | September 5 - October 24, 1998; December 5 - 12, 1998; January 2 - 23, 1999 | Kenan & Kel | | 83.3% | October 31 - November 28, 1998 | Animorphs | | 81.6% | August 19, 2000 | Animorphs | | 81.6% | February 19, 2000 | The Amanda Show | | 81.5% | January 27, 2001 | 100 Deeds for Eddie McDowd | | 81% | October 7, 2000 | The Amanda Show | | 80.8% | March 28, 1998 | The Journey of Allen Strange | | 80.8% | March 16, 1996 | Space Cases | | 79.2% | May 4, 1996; May 25, 1996 | Space Cases | | 79.2% | April 25, 1998 | The Journey of Allen Strange | | 79.2% | October 15, 1994 | My Brother & Me | | 78.9% | February 14, 1998 | Hey Arnold! | | 78.6% | January 27, 2001 | The Amanda Show | | 76.2% | September 5 - October 24, 1998; December 5 - 12, 1998; January 2 - 23, 1999 | Animorphs | | 75% | October 3, 1998 | Animorphs | | 75% | January 22, 2000 | Double Dare 2000 | | 73.7% | July 15, 2000 | Snick House Underground - My Town | | 73.7% | July 22, 2000 | Snick House Underground - B*Witched Concert | | 73.7% | August 26, 2000 | Snick House Underground - Baha Men Concert | | 73.7% | September 16, 2000 | Snick House Underground - Mandy Moore Concert | | 73.7% | September 23, 2000 | Snick House Underground - A*Teens Concert | | 73.7% | October 28, 2000 | Crybaby Lane | | 73.7% | April 5, 2003 | Kids Choice Awards Retrospective | | 73.7% | October 4, 2003 | Let's Just Play | | 73.7% | October 2, 2004 | Let's Just Play | | 73.7% | August 12, 2000; September 30, 2000 | Snick House Underground - Aaron Carter Concert | | 72.2% | November 25, 2000 (Nonstop Nicktoons Weekend) | Snick House Underground - Baha Men Concert | | 71% | May 15, 1993 | Welcome Freshmen | | 70.8% | March 28, 1998 | A Very Special Action League NOW! Special | | 65.4% | October 11, 1997; January 30, 1999 | Nickelodeon Sports Theater with Shaquille O'Neal | | 64% | March 21, 1998; July 11, 1998 | Nickelodeon Sports Theater with Shaquille O'Neal | | 64% | SNICKtoons Christmas Gift Pack (December 16, 1995) | SNICK Snack | | 62.5% | May 4, 1996; May 25, 1996 | SNICK Snack | | 62.5% | April 25, 1998 | Doom Runners | | 62.5% | November 14, 1992 | Nickelodeon's 6th Annual Kids' Choice Awards | | 54.5% | July 12, 1997 | Good Burger: On the Job with Kenan & Kel | | 53.8% |
|
Comments